| 000 | 00335nam a22001337a 4500 | ||
|---|---|---|---|
| 008 | 170828b xxu||||| |||| 00| 0 eng d | ||
| 020 | _a1355590 | ||
| 041 | _aeng | ||
| 080 | _a070 | ||
| 100 | _a39 | ||
| 101 | _aMED | ||
| 245 |
_aEFFECTIVE COMMUNICATION FOR BUSSINES AND THE PROFESIONS _cAPPLLBAUM.R.L |
||
| 942 |
_2udc _cBK |
||
| 999 |
_c25163 _d25163 |
||